000 00525nam a2200205Ia 4500
001 3187
003 GE_BSU
008 181216s||||||||xx |||||||||||||| ||und||
020 _a5020144304
040 _cGE_BSU
080 _a53(075.8)+531+539
245 _aКурс физики. Том I. Механика, молекулярная физика.
245 _bУчеб.
260 _aМ.
260 _bНаука.
260 _c1989.
300 _a352 стр. 20 см.
653 _aКурс физики.
942 _cBK
999 _c37228
_d37228